000
00245nam a2200097Ia 4500
008
200302s9999 xx 000 0 und d
100
_a
Kolan Peterson
245
_a
Water Colors Step by Step
260
_b
Walter T. Foster Publication
300
_a
34 P.,
999
_c
565
_d
565